| 000 | 00627nam a22001817a 4500 | ||
|---|---|---|---|
| 005 | 20251108164250.0 | ||
| 008 | 250721s1986 xx 000 0 ara d | ||
| 082 | 1 | 4 | _a350.1/زكي |
| 100 | 1 | _aالنجار، زكي محمد | |
| 245 | 1 | 0 |
_aالوجيز في تأديب العاملين بالحكومة و القطاع العام : _bدراسة نظرية و تطبيقية / |
| 250 | _aط2. | ||
| 264 | 1 |
_aالقاهرة : _bالهيئة المصرية العامة للكتاب، _c1986. |
|
| 300 | _a257ص | ||
| 650 | 1 | 7 | _aالإدارة العامة |
| 650 | 1 | 7 | _aالموظفون |
| 942 |
_2ddc _cBK |
||
| 999 |
_c7841 _d7841 |
||